01350nam a2200313 i 4500003000900000005001700009008004100026040004600067041000800113082002600121092000700147099003400154100004900188245011100237264005600348300002900404336002200433337002400455338003300479504006400512546009600576650007000672651001000742856005700752905001300809942001900822999001700841952017800858EG-GICUC20260121101222.0251115s1927    ua	||||fr|||| 00| 0 ara d  a EG-GICUCbarac EG-GICUCd EG-GICUCerda0 aara04221a341.8bع ب . ق04221  aLaw1 12	341.8 ع ب . ق	19270 aعبدالحميد ابوهيفeمؤلف.12aالقانون الدولى الخاص في اوروبا وفي مصر /cعبدالحميد ابوهيف. 1aالقاهره:bمطبعه السعادة،c1927.  a288 ؛صفحةc24 سم.  2rda contentatext  2rda mediaaComputer  2rda carrieraOnline Resource  aيحتوي على اراجاعات ببليوجرافية
.  aالنص أغلبه باللغة العربية مع بعض النصوص الفرنسية1 aالقانون الدولى الخاصzاورباzمصر2qrmak1 2qrmak40uhttps://fll.law.cu.edu.eg/fulltext/bks/B12-01108.pdf  a75eYara  2ddcn0cBKe21  c43297d43297  00102ddc40718القانون الدولي الخاصaCUbLAW1d2025-11-15l0oLaw1 12	341.8 ع ب . ق	1927 1201108	C1pB12-01108r2025-11-15 13:37:53t1w2025-11-15yBK